000 00305nam a22001337a 4500
008 181019b xxu||||| |||| 00| 0 eng d
020 _a0881671835
041 _aeng
080 _a616-053.2
100 _a8
101 _aORT
245 _aStandards in Pediatrics Orthopedics
_cPress,R
942 _2udc
_cBK
999 _c50214
_d50214